Automobil
Automobilový trh na Slovensku, v krajinách V-4 a v Európskej únii. Autosalón v Paríži. Lízing. Poistenie. Vodičské preukazy. Prevodovky. Multimédiá. Cenník.
Gespeichert in:
| Format: | Buchkapitel |
|---|---|
| Sprache: | Slowakisch |
| Schlagworte: | |
| Tags: |
Keine Tags, Fügen Sie das erste Tag hinzu!
|
MARC
| LEADER | 00000naa$a2200000$$$4500 | ||
|---|---|---|---|
| 001 | 0020813 | ||
| 005 | 20231009075633.0 | ||
| 041 | 0 | |a slo | |
| 044 | |a SK | ||
| 245 | 1 | 0 | |a Automobil |
| 520 | |a Automobilový trh na Slovensku, v krajinách V-4 a v Európskej únii. Autosalón v Paríži. Lízing. Poistenie. Vodičské preukazy. Prevodovky. Multimédiá. Cenník. | ||
| 610 | 2 | 0 | |a automobily |
| 610 | 2 | 0 | |a trh |
| 610 | 2 | 0 | |a Slovensko |
| 610 | 2 | 0 | |a Vyšehradská štvorka |
| 610 | 2 | 0 | |a Európska únia |
| 610 | 2 | 0 | |a lízing |
| 610 | 2 | 0 | |a poistenie |
| 610 | 2 | 0 | |a multimédiá |
| 610 | 2 | 0 | |a cenníky |
| 610 | 2 | 0 | |a výstavy |
| 610 | 2 | 0 | |a Paríž |